00859nam a22002177a 450000500170000001000130001702000260003003500130005603700100006908200120007910000330009124501400012426000430026427000570030730000280036450000400039270000250043294200260045799900170048395201410050020110905141933.0 aG-001362 a9788172335441c250.00 aG-001362 bGift  a303.372 aJain, Rajendra Kumar 934369 aHuman development capability poverty:cby Rajendra Kumar Jain [and] Bharti Jain bassessment and its relationship with income poverty / aJodhpur bScientific Publishers c2008 a5-A, New Pali Road, P.O. Box, 91, bJodhpur e342001 aviii, 107p. c22cm (Hb) aIncludes bibliographical references a Jain, Bharti932617 2ddccENmJAIh303.372 c56301d56301 001040708NFICaJPbJPd2011-09-05egiftg250.00l2o303.372 JAIpG-001362r2018-12-06 00:00:00s2018-11-12t1v250.00w2011-09-05yEN